000 00235nam a22001217a 4500
999 _c160239
_d160239
082 _a
_b
100 _aVyas
245 _aThe saura puranam/
_cby Vyas.
260 _aDelhi:
_bNag,
_c1986.
600 _a
650 _a
942 _cBK